| 000 | 01546cam a22003134a 4500 | ||
|---|---|---|---|
| 999 |
_c23424 _d23424 |
||
| 001 | 13340331 | ||
| 005 | 20170126111455.0 | ||
| 008 | 030911s2004 enka b 001 0 eng | ||
| 010 | _a 2003063050 | ||
| 020 | _a0521835895 (hardback) | ||
| 040 |
_aDLC _cDLC _dDLC |
||
| 042 | _apcc | ||
| 043 | _ae-uk--- | ||
| 050 | 0 | 0 |
_aNX543 _b.C65 2004 |
| 100 | 1 | _aComentale, Edward P. | |
| 245 | 1 | 0 |
_aModernism, cultural production, and the British avant-garde / _cEdward P. Comentale. |
| 260 |
_aCambridge, UK ; _aNew York, NY : _bCambridge University Press, _c2004. |
||
| 300 |
_a261 p. : _bill. ; _c24 cm. |
||
| 504 | _aIncludes bibliographical references (p. 239-256) and index. | ||
| 650 | 0 |
_aArts, British _y20th century. |
|
| 650 | 0 |
_aModernism (Aesthetics) _zGreat Britain _xHistory _y20th century. |
|
| 856 | 4 | 2 |
_3Publisher description _uhttp://www.loc.gov/catdir/description/cam041/2003063050.html |
| 856 | 4 | 1 |
_3Table of contents _uhttp://www.loc.gov/catdir/toc/cam041/2003063050.html |
| 856 | 4 | 2 |
_3Contributor biographical information _uhttp://www.loc.gov/catdir/enhancements/fy0733/2003063050-b.html |
| 942 |
_2lcc _cBOOKS _hNX543 .C65 2004 |
||